An introduction to probability theory and its applications /
Guardado en:
| Autor Principal: | |
|---|---|
| Formato: | Libro |
| Idioma: | English |
| Publicado: |
New York :
Wiley,
c1950-1966.
|
| Series: | Wiley mathematical statistics series
Wiley series in probability and mathematical statistics |
| Etiquetas: |
Agregar Etiqueta
Sin Etiquetas, Sea el primero en etiquetar este registro!
|
| LEADER | 00880cam a22002295 4500 | ||
|---|---|---|---|
| 001 | MAT.inmabb002105 | ||
| 008 | 731016m19501966nyu######b####001#0#eng#d | ||
| 005 | 20130225130137.0 | ||
| 245 | 0 | 3 | |a An introduction to probability theory and its applications / |c William Feller. |
| 260 | |a New York : |b Wiley, |c c1950-1966. | ||
| 300 | |a 2 v. ; |c 24 cm. | ||
| 440 | 0 | |a Wiley mathematical statistics series | |
| 440 | 0 | |a Wiley series in probability and mathematical statistics | |
| 504 | |a Notas bibliográficas al pie. Bibliografía: v. 2, p. 615-616. | ||
| 510 | 4 | |a MR, |c 12,424a |3 (v. 1) | |
| 510 | 4 | |a MR, |c 35 #1048 |3 (v. 2) | |
| 500 | |a La biblioteca sólo posee el v. 2. |5 AR-BbIMB | ||
| 100 | 1 | |a Feller, William, |d 1906-1970. | |
| 084 | |a 60-01 |2 msc2000 | ||
| 010 | |a 50008529 | ||
| 859 | |h 60 |i F318 |p A-2783 |v 2 |3 v. 2 |b BIB. MATEMATICA | ||
| 859 | |h 60 |i F318 |p A-2784 |t Ej. 2 |v 2 |3 v. 2 |b BIB. MATEMATICA | ||
